Polskie miasta na literę K - Statystyki

Ogólne statystyki
  • Ten quiz został rozwiązany 576 razy
  • Średni wynik to 5 z 7
Statystyki odpowiedzi
Województwo Miasto % Poprawnych
Małopolskie Kraków
96%
Śląskie Katowice
91%
Świętokrzyskie Kielce
85%
Zachodniopomorskie Koszalin
72%
Wielkopolskie Kalisz
66%
Wielkopolskie Konin
64%
Opolskie Kędzierzyn-Koźle
51%
Nie znaleziono quizów pasujących do podanych kryteriów
Rozkład punktacji
Procent ludzi z każdym wynikiem
Percentyl według liczby udzielonych odpowiedzi
Twoja historia wyników
Nie rozwiązałeś tego quizu